A biblical perspective on Mothers' Day, Fathers' Day, and Children's Day (Record no. 8413)

MARC details
000 -LEADER
fixed length control field 00713nam a22002057a 4500
003 - CONTROL NUMBER IDENTIFIER
control field GBCCL
005 - DATE AND TIME OF LATEST TRANSACTION
control field 20241126110650.0
008 - FIXED-LENGTH DATA ELEMENTS--GENERAL INFORMATION
fixed length control field 210211b ||||| |||| 00| 0 eng d
020 ## - INTERNATIONAL STANDARD BOOK NUMBER
International Standard Book Number 9788184654608
040 ## - CATALOGING SOURCE
Transcribing agency GBC
082 ## - DEWEY DECIMAL CLASSIFICATION NUMBER
Classification number 252
Item number RUP
100 ## - MAIN ENTRY--PERSONAL NAME
Personal name Rupwate, Daniel D
9 (RLIN) 13197
245 ## - TITLE STATEMENT
Title A biblical perspective on Mothers' Day, Fathers' Day, and Children's Day
260 ## - PUBLICATION, DISTRIBUTION, ETC.
Place of publication, distribution, etc. Delhi :
Name of publisher, distributor, etc. Indian Society for Promoting Christian Knowledge,
Date of publication, distribution, etc. 2014.
300 ## - PHYSICAL DESCRIPTION
Extent xx, 225 pages ;
Other physical details 24 cm
650 ## - SUBJECT ADDED ENTRY--TOPICAL TERM
Topical term or geographic name entry element Mother's Day
Form subdivision Biblical teaching.
General subdivision sermons
9 (RLIN) 14723
650 ## - SUBJECT ADDED ENTRY--TOPICAL TERM
Topical term or geographic name entry element Father's Day
Form subdivision Biblical teaching
General subdivision Sermons.
9 (RLIN) 14724
650 ## - SUBJECT ADDED ENTRY--TOPICAL TERM
Topical term or geographic name entry element Children's Day
Form subdivision Biblical teaching
General subdivision Sermons.
9 (RLIN) 14725
942 ## - ADDED ENTRY ELEMENTS (KOHA)
Source of classification or shelving scheme Dewey Decimal Classification
Koha item type Books
Koha issues (borrowed), all copies 3
Holdings
Withdrawn status Lost status Source of classification or shelving scheme Damaged status Not for loan Home library Current Library Shelving location Date acquired Total checkouts Full call number Barcode Date last seen Date last checked out Copy number Price effective from Koha item type
    Dewey Decimal Classification     GRACE BIBLE COLLEGE GRACE BIBLE COLLEGE Ministry & Mission 2021-02-11 5 252 RUP 013893 2025-12-09 2025-12-08 c.1 2021-02-11 Books
© Grace Bible College Library 2025